| 000 | 00657nam a2200229 a 4500 | ||
|---|---|---|---|
| 001 | 1001486 | ||
| 003 | BD-RjUL | ||
| 005 | 20240117121851.0 | ||
| 008 | 920325s1954 enk 000 0 eng d | ||
| 035 | _a(BD-RjUL) | ||
| 040 |
_aANL _beng _cANL _dNNCU:A |
||
| 041 | _aeng | ||
| 082 | 0 | 4 |
_a823.8 _bDIP 1954 |
| 100 | 1 |
_aDickens, Charles, _d1812-1870. |
|
| 245 | 1 | 4 |
_aThe Pickwick papers / _cIntroduction by G. K. Chesterton. |
| 260 |
_aLondon : _bJ. M. Dent, _c[1954]. |
||
| 300 |
_a804 p. : _c19 cm. |
||
| 490 | 0 |
_aEveryman's Library ; _vno. 235 |
|
| 700 | 1 |
_aChesterton, G. K. _q(Gilbert Keith), _d1874-1936. _92268 |
|
| 942 |
_2ddc _cBK |
||
| 999 |
_c82660 _d82660 |
||